书目信息 |
| 题名: |
城市管理监察综合行政执法之理论与实践
|
|
| 作者: | 王亚琴 , 沈俊强 著 | |
| 分册: | ||
| 出版信息: | 北京 法律出版社 2016.05 |
|
| 页数: | 284页 | |
| 开本: | 23cm | |
| 丛书名: | ||
| 单 册: | ||
| 中图分类: | D922.297.4 , D922.114 | |
| 科图分类: | ||
| 主题词: | 城市管理--行政执法--研究--中国 , 城市管理 , 行政执法 | |
| 电子资源: | ||
| ISBN: | 978-7-5118-9556-1 | |
| 000 | 00989nam0 2200289 450 | |
| 001 | 2358039542 | |
| 005 | 20230907160944.37 | |
| 010 | @a978-7-5118-9556-1@dCNY45.00 | |
| 100 | @a20140227d2016 em y0chiy50 ea | |
| 101 | 0 | @achi |
| 102 | @aCN@b110000 | |
| 105 | @ay z 000yy | |
| 200 | 1 | @a城市管理监察综合行政执法之理论与实践@ACheng Shi Guan Li Jian Cha Zong He Xing Zheng Zhi Fa Zhi Li Lun Yu Shi Jian@f王雅琴,沈俊强著@FWang Ya Qin, Shen Jun Qiang Zhu |
| 205 | @a修订版 | |
| 210 | @a北京@c法律出版社@d2016.05 | |
| 215 | @a284页@d23cm | |
| 300 | @a北京市哲学社会科学“十一五”规划项目 | |
| 330 | @a北京市哲学社会科学"十一五"规划项目(项目编号:10BeFX086) | |
| 606 | 0 | @a城市管理@x行政执法@x研究@y中国 |
| 606 | 0 | @a城市管理 |
| 606 | 0 | @a行政执法 |
| 690 | @aD922.297.4@v5 | |
| 690 | @aD922.114@v4 | |
| 701 | 0 | @a王亚琴@AWang Ya Qin@c(女)@4著 |
| 701 | 0 | @a沈俊强@AShen Jun Qiang@f(1974~)@4著 |
| 801 | 0 | @aCN@bTANGWEI@c20140603 |
| 905 | @b0839158-60@dD922.114@e2329@f3 | |
| 城市管理监察综合行政执法之理论与实践/王雅琴,沈俊强著.-修订版.-北京:法律出版社,2016.05 |
| 284页;23cm |
| 北京市哲学社会科学“十一五”规划项目 |
| ISBN 978-7-5118-9556-1:CNY45.00 |
| 北京市哲学社会科学"十一五"规划项目(项目编号:10BeFX086) |
| ● |
| 相关链接 |
|
|
|
|
正题名:城市管理监察综合行政执法之理论与实践
索取号:D922.114/2329
 
预约/预借
| 序号 | 登录号 | 条形码 | 馆藏地/架位号 | 状态 | 备注 |
| 1 | 1052959 | 210529597 | 第一样本阅览室/ [索取号:D922.114/2329] | 在馆 |